Tři zákony produktivity přepište budoucnost svého podnikání a změňte svůj osobní život
Salvato in:
| Autore principale: | |
|---|---|
| Altri autori: | |
| Natura: | Libro |
| Lingua: | ceco |
| Pubblicazione: |
Brno
Computer Press
2011
|
| Soggetti: | |
| Tags: |
Nessun Tag, puoi essere il primo ad aggiungerne!!
|
MARC
| LEADER | 00000nam a2200000 4500 | ||
|---|---|---|---|
| 001 | 0142413 | ||
| 005 | 20221207093906.3 | ||
| 020 | |a 978-80-251-2658-5 | ||
| 041 | 0 | |a cze | |
| 044 | |a CZ | ||
| 245 | 1 | 0 | |a Tři zákony produktivity |b přepište budoucnost svého podnikání a změňte svůj osobní život |c Steve Zaffron, Dave Logan |
| 264 | 1 | |a Brno |b Computer Press |c 2011 | |
| 300 | |a 245 s. | ||
| 610 | 2 | 0 | |a produktivita práce |
| 610 | 2 | 0 | |a podnikanie |
| 610 | 2 | 0 | |a rast produktivity práce |
| 100 | 1 | |a Zaffron, Steve | |
| 700 | 1 | |a Logan, Dave | |